000 00156nam a22000857a 4500
082 _a823
100 _aSATHEESAN
245 _aFOLK TALES FROM BIHAR
942 _cBK
999 _c8213
_d8213